[Event "Titled Tuesday intern op 12th Mar Late"]
[Site "Chess.com INT"]
[Date "2024.03.12"]
[Round "7"]
[White "Ambartsumova, Karina"]
[Black "Boros, Denes"]
[Result "0-1"]
[WhiteElo "2418"]
[BlackElo "2402"]
[PlyCount "80"]
[EventDate "2024.03.12"]
[EventType "swiss (blitz)"]
[EventRounds "11"]
[EventCountry "USA"]
[SourceTitle "CB12_2024"]
[SourceDate "2023.10.01"]
[SourceVersion "1"]
[SourceVersionDate "2023.10.01"]
[SourceQuality "1"]

1. d4 b6 2. c4 Bb7 3. Nc3 f5 4. Nf3 Nf6 5. g3 e6 6. Bg2 Bb4 7. 0-0 Bxc3 8. bxc3 0-0 9. h3 Nc6 10. Rb1 Na5 11. c5 Be4 12. Ra1 Nd5 13. cxb6 axb6 14. Ba3 Re8 15. Bb4 Nc6 16. a3 Qf6 17. Qb3 g5 18. Nd2 Bxg2 19. Kxg2 f4 20. g4 h5 21. Nf3 Qg6 22. c4 hxg4 23. hxg4 Nf6 24. d5 Nxb4 25. axb4 Rxa1 26. Rxa1 Nxg4 27. Rg1 Ra8 28. Qc3 Qe4 29. Kf1 Qb1+ 30. Ne1 Qf5 31. Nf3 Ra2 32. dxe6 Qxe6 33. Qd3 Ra1+ 34. Ne1 f3 35. Rxg4 Qxg4 36. Qg6+ Kf8 37. Qf6+ Ke8 38. Qg6+ Ke7 39. Qg7+ Kd6 40. Qd4+ Qxd4 0-1

[Event "Titled Tuesday intern op 13th Feb Early"]
[Site "Chess.com INT"]
[Date "2024.02.13"]
[Round "1"]
[White "Boros, Denes"]
[Black "Moskvin, Anatoly"]
[Result "1-0"]
[WhiteElo "2402"]
[BlackElo "2192"]
[PlyCount "57"]
[EventDate "2024.02.13"]
[EventType "swiss (blitz)"]
[EventRounds "11"]
[EventCountry "USA"]
[SourceTitle "CB08_2024"]
[SourceDate "2024.02.21"]
[SourceVersion "1"]
[SourceVersionDate "2024.02.21"]
[SourceQuality "1"]

1. d4 Nf6 2. Nc3 c5 3. Nf3 cxd4 4. Nxd4 Nc6 5. Bg5 Qa5 6. Bxf6 gxf6 7. Nb3 Qe5 8. Qd2 e6 9. f4 Qb8 10. 0-0-0 Be7 11. h4 h5 12. Rh3 b5 13. e4 a6 14. Nd5 Bd8 15. Nc5 exd5 16. exd5 Ne7 17. d6 Nf5 18. Rd3 Kf8 19. g3 Bb6 20. Qc3 Rh6 21. Bh3 Bxc5 22. Qxc5 Ng7 23. Re1 Ne6 24. Bxe6 fxe6 25. Rxe6 Qa7 26. Qxa7 Rxa7 27. Re7 Rg6 28. Rde3 Ra8 29. Re8+ 1-0

[Event "Titled Tuesday intern op 13th Feb Early"]
[Site "Chess.com INT"]
[Date "2024.02.13"]
[Round "7"]
[White "Boros, Denes"]
[Black "Pranesh, M."]
[Result "0-1"]
[WhiteElo "2402"]
[BlackElo "2538"]
[PlyCount "82"]
[EventDate "2024.02.13"]
[EventType "swiss (blitz)"]
[EventRounds "11"]
[EventCountry "USA"]
[SourceTitle "CB08_2024"]
[SourceDate "2024.02.21"]
[SourceVersion "1"]
[SourceVersionDate "2024.02.21"]
[SourceQuality "1"]

1. e4 e5 2. Nf3 Nc6 3. Bb5 a6 4. Bc4 Nf6 5. Qe2 Bc5 6. c3 0-0 7. d3 d5 8. Bb3 h6 9. h3 Be6 10. g4 Na5 11. g5 dxe4 12. dxe4 Bxb3 13. axb3 Nxb3 14. gxf6 Nxc1 15. Qc4 Qxf6 16. Nbd2 b5 17. Qf1 Qf4 18. Rxc1 f5 19. Qe2 Rad8 20. Rc2 Bb6 21. exf5 e4 22. Nd4 Bxd4 23. cxd4 Qxf5 24. Qe3 Rf7 25. Rg1 Qd5 26. Rg4 Rdf8 27. Nxe4 Rf3 28. Qe2 c6 29. Rc3 R3f7 30. Rd3 Qa2 31. Kf1 a5 32. Kg2 Qd5 33. Kg1 a4 34. Rdg3 Kh8 35. Qe3 Qe6 36. Qd3 b4 37. Rg6 Qf5 38. Nc5 Qxf2+ 39. Kh1 Rf3 40. Rg2 Qe1+ 41. Rg1 Qh4 0-1

[Event "Titled Tuesday intern op 26th Sep Late"]
[Site "Chess.com INT"]
[Date "2023.09.26"]
[Round "6"]
[White "Leiva Rodriguez, Jeammarco Giuseppe"]
[Black "Boros, Denes"]
[Result "1-0"]
[WhiteElo "2393"]
[BlackElo "2399"]
[PlyCount "101"]
[EventDate "2023.09.26"]
[EventType "swiss (blitz)"]
[EventRounds "11"]
[EventCountry "USA"]
[SourceTitle "EXT 2024"]
[Source "ChessBase"]
[SourceDate "2023.10.10"]
[SourceVersion "1"]
[SourceVersionDate "2023.10.10"]
[SourceQuality "1"]

1. b3 h5 2. Bb2 h4 3. e3 Nf6 4. h3 b6 5. Nf3 Bb7 6. c4 e6 7. Nc3 Ne4 8. Nxe4 Bxe4 9. Be2 Na6 10. 0-0 Rg8 11. d3 Bb7 12. e4 g5 13. Nd2 Bg7 14. Bxg7 Rxg7 15. d4 Qf6 16. e5 Qf4 17. Bf3 0-0-0 18. Bxb7+ Kxb7 19. Qf3+ Qxf3 20. Nxf3 g4 21. Nxh4 Nb4 22. Rfd1 gxh3 23. g3 f6 24. exf6 Rf7 25. a3 Nc6 26. d5 exd5 27. Rxd5 Rxf6 28. Rad1 d6 29. f4 Re8 30. Kh2 Ne7 31. Re1 Nxd5 32. Rxe8 Nxf4 33. gxf4 Rxf4 34. Kxh3 a6 35. Kg3 Rd4 36. Nf5 Rd3+ 37. Re3 Rd1 38. Kf4 b5 39. Ke4 Kb6 40. Rd3 Re1+ 41. Kd4 Ra1 42. b4 Rc1 43. Ne3 c5+ 44. bxc5+ dxc5+ 45. Kd5 b4 46. Kd6 Ra1 47. Nd5+ Ka5 48. Kxc5 bxa3 49. Rb3 Ka4 50. Rb4+ Ka5 51. Nb6 1-0

[Event "Titled Tuesday intern op 19th Sep Early"]
[Site "Chess.com INT"]
[Date "2023.09.19"]
[Round "10"]
[White "Boros, Denes"]
[Black "Postny, Evgeny"]
[Result "1-0"]
[WhiteElo "2399"]
[BlackElo "2570"]
[PlyCount "169"]
[EventDate "2023.09.19"]
[EventType "swiss (blitz)"]
[EventRounds "11"]
[EventCountry "USA"]
[SourceTitle "EXT 2024"]
[Source "ChessBase"]
[SourceDate "2023.10.10"]
[SourceVersion "1"]
[SourceVersionDate "2023.10.10"]
[SourceQuality "1"]

1. d4 d5 2. Bg5 c6 3. Nd2 h6 4. Bf4 Bf5 5. e3 e6 6. c4 Nf6 7. Qb3 Qc8 8. Rc1 Nbd7 9. Ngf3 Be7 10. cxd5 exd5 11. h3 0-0 12. g4 Bh7 13. Bd3 Re8 14. Rg1 Ne4 15. Bxe4 dxe4 16. Ne5 Nxe5 17. Bxe5 Qd7 18. Nc4 Bf8 19. h4 Rad8 20. Bf4 b6 21. Ne5 Rxe5 22. Bxe5 c5 23. g5 hxg5 24. Rxg5 Kh8 25. Rg3 f6 26. Bf4 cxd4 27. Rc7 Qf5 28. Qf7 dxe3 29. Bxe3 Qb5 30. Qc4 Qxb2 31. Kf1 Qe5 32. Kg2 f5 33. Qc1 Qe6 34. Bf4 e3 35. Rxe3 Qd5+ 36. Kh2 Bc5 37. Rg3 Rg8 38. Qc3 Bd4 39. Qf3 Qxf3 40. Rxf3 Bg6 41. h5 Bxh5 42. Rd3 Bf6 43. Rh3 g6 44. Rd3 Bg4 45. f3 Bh5 46. Rdd7 Rf8 47. Bh6 Kg8 48. Bxf8 Be5+ 49. Kg2 Bxc7 50. Rxc7 Kxf8 51. Rxa7 g5 52. Rb7 Bf7 53. a3 g4 54. Rxb6 Bd5 55. Rf6+ Ke7 56. Rxf5 gxf3+ 57. Kg3 Kd6 58. Rf4 Kc5 59. Kf2 Bc6 60. Ke3 Kb5 61. Kd3 Ka5 62. Kc3 Bb7 63. Kb3 Bd5+ 64. Kb2 Bc6 65. Rf6 Kb5 66. Kc3 Kc5 67. Rf5+ Kb6 68. Kb4 Be4 69. Rf6+ Kb7 70. a4 Ka7 71. a5 Kb7 72. Kc5 Ka7 73. Kb4 Bb7 74. Kb5 Be4 75. a6 Kb8 76. Kb6 Kc8 77. Rf8+ Kd7 78. a7 Kd6 79. Rf4 Bd5 80. Rd4 f2 81. a8Q f1Q 82. Qxd5+ Ke7 83. Qe5+ Kf7 84. Rf4+ Kg8 85. Rxf1 1-0

[Event "Titled Tuesday intern op 19th Sep Early"]
[Site "Chess.com INT"]
[Date "2023.09.19"]
[Round "6"]
[White "Domingo Nunez, Ruben"]
[Black "Boros, Denes"]
[Result "0-1"]
[WhiteElo "2417"]
[BlackElo "2399"]
[PlyCount "90"]
[EventDate "2023.09.19"]
[EventType "swiss (blitz)"]
[EventRounds "11"]
[EventCountry "USA"]
[SourceTitle "EXT 2024"]
[Source "ChessBase"]
[SourceDate "2023.10.10"]
[SourceVersion "1"]
[SourceVersionDate "2023.10.10"]
[SourceQuality "1"]

1. Nf3 d6 2. d4 Nd7 3. g3 e5 4. Nc3 Ngf6 5. Bg2 e4 6. Ng5 d5 7. f3 h6 8. Nh3 exf3 9. exf3 Bb4 10. 0-0 0-0 11. Nf4 c6 12. Nd3 Bxc3 13. bxc3 Re8 14. Ba3 Qa5 15. Bb4 Qc7 16. a4 b6 17. Qd2 Ba6 18. Rfe1 c5 19. Ba3 cxd4 20. cxd4 Rac8 21. Rac1 Qc4 22. Rxe8+ Rxe8 23. Nb2 Qa2 24. Qb4 Nf8 25. Qb3 Qxb3 26. cxb3 Ne6 27. Rd1 Rc8 28. Bb4 Rc2 29. Rd2 Rxd2 30. Bxd2 Nxd4 31. b4 Bc8 32. Kf2 Kf8 33. Bc3 Nf5 34. Be5 Nd7 35. Bc7 d4 36. Bf1 Ke7 37. Bd3 Nd6 38. Be2 Ne5 39. Nd3 Nc6 40. Nf4 Nxb4 41. a5 b5 42. Ke1 g5 43. Nd3 Nd5 44. Nc5 Nxc7 45. Nb3 Ne6 0-1

[Event "Titled Tuesday intern op 19th Sep Early"]
[Site "Chess.com INT"]
[Date "2023.09.19"]
[Round "4"]
[White "Gavrilov, Maxim"]
[Black "Boros, Denes"]
[Result "0-1"]
[WhiteElo "2186"]
[BlackElo "2399"]
[PlyCount "48"]
[EventDate "2023.09.19"]
[EventType "swiss (blitz)"]
[EventRounds "11"]
[EventCountry "USA"]
[SourceTitle "EXT 2024"]
[Source "ChessBase"]
[SourceDate "2023.10.10"]
[SourceVersion "1"]
[SourceVersionDate "2023.10.10"]
[SourceQuality "1"]

1. d4 g6 2. c4 Nf6 3. Nf3 d5 4. cxd5 Bg7 5. g3 c6 6. dxc6 Nxc6 7. Bg2 e5 8. d5 Qxd5 9. Qxd5 Nxd5 10. 0-0 e4 11. Ng5 f5 12. Rd1 Nd4 13. Na3 h6 14. Nh3 Be6 15. Kf1 Rc8 16. Nf4 Nxf4 17. Bxf4 Kf7 18. f3 exf3 19. exf3 b5 20. Be3 Rhd8 21. f4 b4 22. Bxd4 Bxd4 23. Rxd4 Rxd4 24. Nb5 Bc4+ 0-1

[Event "Titled Tuesday intern op 19th Sep Early"]
[Site "Chess.com INT"]
[Date "2023.09.19"]
[Round "9"]
[White "Pranav, V."]
[Black "Boros, Denes"]
[Result "1-0"]
[WhiteElo "2579"]
[BlackElo "2399"]
[PlyCount "79"]
[EventDate "2023.09.19"]
[EventType "swiss (blitz)"]
[EventRounds "11"]
[EventCountry "USA"]
[SourceTitle "EXT 2024"]
[Source "ChessBase"]
[SourceDate "2023.10.10"]
[SourceVersion "1"]
[SourceVersionDate "2023.10.10"]
[SourceQuality "1"]

1. e4 c5 2. Nf3 Nc6 3. Bb5 e6 4. Bxc6 bxc6 5. b3 Bd6 6. Bb2 f6 7. 0-0 Ne7 8. c3 Ba6 9. Re1 c4 10. Ba3 Qb8 11. Bxd6 Qxd6 12. e5 Qd5 13. Na3 Ng6 14. bxc4 Bxc4 15. Nxc4 Qxc4 16. exf6 gxf6 17. Rb1 Qd5 18. Rb4 c5 19. Ra4 Rg8 20. g3 Ne7 21. Rh4 Rg7 22. d4 Qxa2 23. dxc5 Qd5 24. Rd4 Qc6 25. Rd6 Qc7 26. Qd4 Nf5 27. Qxf6 Rf7 28. Qh8+ Rf8 29. Qxh7 Nxd6 30. Rxe6+ Kd8 31. Rxd6 Kc8 32. Nd4 Rb8 33. Qe7 Qd8 34. Qe2 Qa5 35. c6 dxc6 36. Rxc6+ Kb7 37. Qe4 Qd8 38. Rc7+ Ka6 39. Qc6+ Ka5 40. Rxa7# 1-0

[Event "Titled Tuesday intern op 12th Sep Early"]
[Site "Chess.com INT"]
[Date "2023.09.12"]
[Round "2"]
[White "Janaszak, Dawid"]
[Black "Boros, Denes"]
[Result "0-1"]
[WhiteElo "2302"]
[BlackElo "2399"]
[PlyCount "54"]
[EventDate "2023.09.12"]
[EventType "swiss (blitz)"]
[EventRounds "11"]
[EventCountry "USA"]
[SourceTitle "EXT 2024"]
[Source "ChessBase"]
[SourceDate "2023.10.10"]
[SourceVersion "1"]
[SourceVersionDate "2023.10.10"]
[SourceQuality "1"]

1. e4 g6 2. Nc3 Bg7 3. Bc4 e6 4. h4 Nf6 5. e5 Nd5 6. d4 d6 7. Bg5 Ne7 8. Qe2 h6 9. Bf4 Nbc6 10. 0-0-0 d5 11. Bd3 Nxd4 12. Qe3 c5 13. Nf3 Qb6 14. Na4 Qa5 15. Nxc5 Nxf3 16. gxf3 Nc6 17. a3 d4 18. Qe4 Qxc5 19. h5 g5 20. Bh2 Bxe5 21. f4 Bxf4+ 22. Bxf4 gxf4 23. Qxf4 Qg5 24. Qxg5 hxg5 25. Be4 Bd7 26. h6 Ke7 27. h7 f5 0-1

[Event "Titled Tuesday intern op 12th Sep Early"]
[Site "Chess.com INT"]
[Date "2023.09.12"]
[Round "4"]
[White "Pham, Le Thao Nguyen"]
[Black "Boros, Denes"]
[Result "0-1"]
[WhiteElo "2380"]
[BlackElo "2399"]
[PlyCount "64"]
[EventDate "2023.09.12"]
[EventType "swiss (blitz)"]
[EventRounds "11"]
[EventCountry "USA"]
[SourceTitle "EXT 2024"]
[Source "ChessBase"]
[SourceDate "2023.10.10"]
[SourceVersion "1"]
[SourceVersionDate "2023.10.10"]
[SourceQuality "1"]

1. d4 g6 2. c4 d5 3. cxd5 Nf6 4. h4 Bg7 5. Nc3 Nxd5 6. h5 c5 7. e3 Nc6 8. h6 Bf6 9. Ne4 cxd4 10. Nxf6+ exf6 11. exd4 0-0 12. Nf3 Qa5+ 13. Bd2 Qb6 14. Bc4 Re8+ 15. Kf1 Be6 16. b3 Rad8 17. Rh4 Nc7 18. Be3 Nd5 19. Qc1 Nce7 20. Kg1 Nf5 21. Rh2 Ndxe3 22. fxe3 Bxc4 23. bxc4 Nxe3 24. c5 Qe6 25. Qb2 Qd5 26. Re1 Ng4 27. Rh4 f5 28. Rd1 Re4 29. Qd2 Rde8 30. Rh3 Re2 31. Qg5 f6 32. Qf4 Ne3 0-1

[Event "Titled Tuesday intern op 05th Sep Early"]
[Site "Chess.com INT"]
[Date "2023.09.05"]
[Round "10"]
[White "Boros, Denes"]
[Black "Duda, Jan Krzysztof"]
[Result "0-1"]
[WhiteElo "2399"]
[BlackElo "2726"]
[PlyCount "67"]
[EventDate "2023.09.05"]
[EventType "swiss (blitz)"]
[EventRounds "11"]
[EventCountry "USA"]
[SourceTitle "EXT 2024"]
[Source "ChessBase"]
[SourceDate "2023.10.10"]
[SourceVersion "1"]
[SourceVersionDate "2023.10.10"]
[SourceQuality "1"]

1. e4 g6 2. Nf3 Bg7 3. Bc4 e6 4. 0-0 b6 5. Nc3 Bb7 6. Re1 d6 7. a4 a6 8. d3 Nd7 9. Bf4 Ne7 10. Qd2 h6 11. h3 g5 12. Bg3 Ne5 13. Bxe5 dxe5 14. Ne2 Ng6 15. c3 Bf6 16. Rad1 h5 17. Nh2 Qe7 18. Qe3 0-0-0 19. d4 Nf4 20. Nf3 exd4 21. cxd4 Nxe2+ 22. Qxe2 g4 23. Ne5 gxh3 24. Bxa6 Bxe5 25. dxe5 hxg2 26. Rxd8+ Qxd8 27. Bxb7+ Kxb7 28. Kxg2 Rg8+ 29. Kf1 h4 30. a5 h3 31. Qf3 h2 32. Ke2 Rg1 33. Qh3 h1Q 34. a6+ 0-1

[Event "Titled Tuesday intern op 05th Sep Early"]
[Site "Chess.com INT"]
[Date "2023.09.05"]
[Round "3"]
[White "Boros, Denes"]
[Black "Gunina, Valentina"]
[Result "0-1"]
[WhiteElo "2399"]
[BlackElo "2439"]
[PlyCount "114"]
[EventDate "2023.09.05"]
[EventType "swiss (blitz)"]
[EventRounds "11"]
[EventCountry "USA"]
[SourceTitle "EXT 2024"]
[Source "ChessBase"]
[SourceDate "2023.10.10"]
[SourceVersion "1"]
[SourceVersionDate "2023.10.10"]
[SourceQuality "1"]

1. d4 d5 2. Nc3 Nf6 3. Nf3 Bf5 4. Nh4 Bg6 5. g3 e6 6. Bg2 Be7 7. 0-0 0-0 8. Nxg6 hxg6 9. e4 dxe4 10. Nxe4 Nxe4 11. Bxe4 c6 12. h4 Nd7 13. c3 Nf6 14. Bf3 Qc7 15. Qe2 Rad8 16. Kg2 Rfe8 17. h5 gxh5 18. Bxh5 Nxh5 19. Qxh5 Qd7 20. f3 Qd5 21. Qh3 Qf5 22. Qxf5 exf5 23. Bf4 g5 24. Bd2 c5 25. Be3 Bf6 26. Rae1 cxd4 27. cxd4 Kg7 28. b3 Kg6 29. Bf2 Rxe1 30. Rxe1 Rd6 31. Rd1 Rc6 32. Rd2 Bd8 33. d5 Ra6 34. a4 Ba5 35. Rd3 Kf6 36. Bd4+ Ke7 37. Bc5+ Kd7 38. Kf2 Bb6 39. Bxb6 Rxb6 40. Ke3 Kd6 41. Kd4 f4 42. gxf4 Rb4+ 43. Ke3 Rxf4 44. Rd1 Rb4 45. Rd3 f5 46. Kd2 a5 47. Kc3 Rh4 48. Kd2 Rh3 49. Ke2 g4 50. Rd4 Rxf3 51. b4 b6 52. bxa5 bxa5 53. Rc4 Kxd5 54. Rc7 Ra3 55. Rf7 Ke5 56. Re7+ Kf4 57. Ra7 Rxa4 0-1

[Event "Titled Tuesday intern op 29th Aug Early"]
[Site "Chess.com INT"]
[Date "2023.08.29"]
[Round "5"]
[White "Deac, Bogdan Daniel"]
[Black "Boros, Denes"]
[Result "1/2-1/2"]
[WhiteElo "2698"]
[BlackElo "2399"]
[PlyCount "97"]
[EventDate "2023.08.29"]
[EventType "swiss (blitz)"]
[EventRounds "11"]
[EventCountry "USA"]
[SourceTitle "EXT 2024"]
[Source "ChessBase"]
[SourceDate "2023.10.10"]
[SourceVersion "1"]
[SourceVersionDate "2023.10.10"]
[SourceQuality "1"]

1. e4 c5 2. Nf3 e6 3. h3 Nf6 4. e5 Nd5 5. Nc3 Nc6 6. Bb5 Qc7 7. Nxd5 exd5 8. 0-0 a6 9. Be2 Be7 10. d4 cxd4 11. Nxd4 Qxe5 12. Nf3 Qd6 13. Bd3 0-0 14. Re1 h6 15. c3 b5 16. Bc2 d4 17. Qd3 f5 18. Nxd4 Nxd4 19. Qxd4 Qxd4 20. cxd4 Bb4 21. Re5 d6 22. Bb3+ Kh7 23. Re7 f4 24. a3 Ba5 25. Bd5 Rb8 26. b4 Bd8 27. Re4 g5 28. Bb2 Bf5 29. Ree1 Bf6 30. Rac1 Rfc8 31. f3 Kg6 32. Kf2 h5 33. Bc6 Rb6 34. Be4 Rbb8 35. Bxf5+ Kxf5 36. Ke2 g4 37. hxg4+ hxg4 38. fxg4+ Kxg4 39. Kd3 Kg3 40. Re6 Rxc1 41. Bxc1 Rf8 42. Rxd6 Bh4 43. Rg6+ Kf2 44. Ke4 Bg3 45. Rg4 Re8+ 46. Kd3 Rf8 47. Ke4 Re8+ 48. Kf5 Rf8+ 49. Ke4 1/2-1/2

[Event "Titled Tuesday intern op 29th Aug Early"]
[Site "Chess.com INT"]
[Date "2023.08.29"]
[Round "2"]
[White "Shukhman, Anna"]
[Black "Boros, Denes"]
[Result "0-1"]
[WhiteElo "2238"]
[BlackElo "2399"]
[PlyCount "62"]
[EventDate "2023.08.29"]
[EventType "swiss (blitz)"]
[EventRounds "11"]
[EventCountry "USA"]
[SourceTitle "EXT 2024"]
[Source "ChessBase"]
[SourceDate "2023.10.10"]
[SourceVersion "1"]
[SourceVersionDate "2023.10.10"]
[SourceQuality "1"]

1. e4 e6 2. d4 Nf6 3. Nc3 Bb4 4. e5 Nd5 5. Bd2 d6 6. Nf3 dxe5 7. Nxe5 Nd7 8. Bd3 Nxe5 9. dxe5 Bd7 10. 0-0 Bc6 11. Qg4 Bxc3 12. bxc3 Qe7 13. Qxg7 0-0-0 14. g3 h6 15. Qg4 Rdg8 16. Qe2 h5 17. c4 Nb6 18. Be4 Qc5 19. Be3 Qxe5 20. Bxc6 bxc6 21. Rab1 h4 22. Qf3 hxg3 23. fxg3 Nxc4 24. Bf2 Qd5 25. Qxf7 Ne5 26. Rb8+ Kxb8 27. Bxa7+ Kxa7 28. Qxc7+ Ka6 29. Rb1 Rxg3+ 30. hxg3 Rh1+ 31. Kf2 Qf3# 0-1